| 000 | 01034nam a2200253 a 4500 | ||
|---|---|---|---|
| 001 | adlib96000001 | ||
| 003 | ViArRB | ||
| 005 | 200902210153555.7 | ||
| 008 | 960221s1955 dcuabcdjdbkoqu001 0deng d | ||
| 020 | _a | ||
| 022 | _a | ||
| 040 | _aAdlib | ||
| 082 | _a54 | ||
| 245 | _aChemistry and technology of water soluble polymers | ||
| 250 | _a | ||
| 260 |
_aNew York _bPlenum _c1983 |
||
| 300 |
_axvi, 358p. _c |
||
| 500 | _a | ||
| 100 |
_aFinch, C A _eed. by |
||
| 700 |
_a _a |
||
| 942 | _cBK | ||
| 653 |
_aChemistry _aSpectroscopy _aBiochemistry _aSpectrum analysis _aAcids _aBases- chemistry _aPhysical science _aScience _aTechnology _aElectronics _awater soluble polymers _apolymers and polymerization _aPolymer _aPolymers _aPlastics _aOrganic Chemistry- Synthesis _aPhysical chemistry _aPolymer science _apolymers and polymerization _aPolymer _aPolymers _aPlastics _aOrganic Chemistry- Synthesis _aPhysical chemistry _aPolymer science |
||
| 952 |
_w2010-06-16 _p00033445 _r2010-06-16 _40 _00 _bUL _10 _o54 FIN _d2010-06-16 _70 _yBK _aUL |
||
| 999 |
_c14635 _d14634 |
||